Комплексные исследования по прогнозу землетрясений: сборник научных трудов

Bibliografske podrobnosti
Korporativna značnica: Академия наук СССР (АН СССР) Институт физики Земли им. О. Ю. Шмидта (ИФЗ)
Drugi avtorji: Садовский М. А. (редактор)
Jezik:ruščina
Izdano: Москва, Наука, 1991
Teme:
Format: MixedMaterials Knjiga
KOHA link:https://koha.lib.tpu.ru/cgi-bin/koha/opac-detail.pl?biblionumber=157435

MARC

LEADER 00000nam0a2200000 4500
001 157435
005 20231031153759.0
010 |a 502000782X 
020 |a RU  |b 91-26950 
035 |a (RuTPU)RU\TPU\book\170774 
090 |a 157435 
100 |a 20090408d1991 km a0rusy5003 ca 
101 0 |a rus 
102 |a RU 
105 |a a z 001zy 
200 1 |a Комплексные исследования по прогнозу землетрясений  |e сборник научных трудов  |f Академия наук СССР (АН СССР), Институт физики Земли им. О. Ю. Шмидта (ИФЗ) ; под ред. М. А. Садовского 
210 |a Москва  |c Наука  |d 1991 
215 |a 208 с.  |c ил. 
320 |a Библиография в конце статей 
610 1 |a земля 
610 1 |a землетрясения 
610 1 |a прогноз 
610 1 |a комплексные исследования 
610 1 |a сборники 
675 |a 550.343.6  |v 3 
702 1 |a Садовский  |b М. А.  |f Михаил Александрович  |4 340 
712 0 2 |a Академия наук СССР (АН СССР)  |b Институт физики Земли им. О. Ю. Шмидта (ИФЗ)  |c (Москва)  |2 stltpush  |3 (RuTPU)RU\TPU\col\209 
801 0 |a RU  |b RuMRKP  |c 19960705  |g psbo 
801 1 |a RU  |b 63413507  |c 20090408  |g PSBO 
801 2 |a RU  |b 63413507  |c 20111015  |g PSBO 
942 |c BK